[Event "Campeonato Brasileiro Amador 2019 U2200"]
[Site "Sao Paulo"]
[Date "2019.06.22"]
[Round "5.9"]
[White "Miranda Neto, Jayme Amorim"]
[Black "Borges, Wagner Da Silva"]
[Result "0-1"]
[WhiteElo "2119"]
[BlackElo "2134"]
[PlyCount "114"]
[EventDate "2019.06.20"]

{[%evp 0,80,26,17,38,22,49,19,19,18,4,0,30,-25,19,41,62,47,52,46,69,47,56,59,
50,49,50,52,56,31,43,42,58,52,63,20,3,3,28,25,25,21,22,8,-11,2,-24,-8,-1,-40,
-5,-36,0,21,26,-12,-10,-18,-19,-22,4,-1,8,0,-7,2,14,-21,0,0,12,18,7,3,16,0,10,
-1,36,23,54,54,87]} 1. d4 Nf6 2. Nf3 g6 3. e3 Bg7 4. Be2 O-O 5. O-O d6 6. c4 c6
7. Nc3 Qc7 8. b3 Nbd7 9. Bb2 a6 10. Qc2 b6 11. Rfd1 Bb7 12. Rac1 Rac8 13. Qb1
Qb8 14. d5 Qa8 15. e4 Bh6 16. Rc2 Nc5 17. Bd3 Nxd3 18. Rxd3 b5 19. Re2 bxc4 20.
bxc4 a5 21. dxc6 Rxc6 22. Nd5 Nxd5 23. cxd5 Rb6 24. Rb3 Rxb3 25. axb3 Ba6 26.
Re1 Rb8 27. Qc2 Rc8 28. Qd1 Qb7 29. Qd4 f6 30. Qa4 Qb5 31. Qxb5 Bxb5 32. Nd4
Bd7 33. Ra1 Bd2 34. Kf1 Bb4 35. Ke2 Kf7 36. Kd3 Rc7 37. Rc1 Rxc1 38. Bxc1 Ke8
39. Kc4 Kd8 40. Nc6+ Kc7 41. Nxe7 Be1 42. f4 Bg4 43. Ng8 Be2+ 44. Kd4 f5 45. e5
Bd1 46. Nf6 Bxb3 47. Ne8+ Kd7 48. Nxd6 Bf2+ 49. Kc3 Bxd5 50. Bd2 Bxg2 51. Nc4
Bg1 52. Nxa5 Bxh2 53. Nc4 Ke6 54. Kc2 Bc6 55. Be3 h5 56. Nd2 g5 57. fxg5 Be4+
0-1

[Event "Campeonato Brasileiro Amador 2019 U2200"]
[Site "Sao Paulo"]
[Date "2019.06.22"]
[Round "5.10"]
[White "Carvalho, Felipe Lobo C."]
[Black "Duailibi, Ricardo Miguel"]
[Result "1-0"]
[WhiteElo "2105"]
[BlackElo "1828"]
[PlyCount "129"]
[EventDate "2019.06.20"]

{[%evp 0,129,40,36,62,54,65,3,-5,-8,71,30,101,66,69,69,73,74,50,34,61,30,27,0,
15,2,-24,-24,14,-23,-20,-52,-36,-63,-80,-96,-91,-102,-105,-104,-77,-111,-83,
-80,-91,-94,-51,-120,-94,-95,-76,-76,-78,-87,17,5,76,-19,78,21,92,126,124,130,
141,130,132,112,121,121,102,92,153,91,111,107,113,116,115,122,136,113,136,105,
103,122,111,120,99,96,129,120,190,191,200,203,205,194,189,169,170,167,179,178,
178,201,206,191,223,218,209,206,204,196,473,490,490,597,581,188,188,154,154,
167,158,202,192,192,192,195,192,192]} 1. d4 c5 2. Nf3 cxd4 3. Nxd4 Nf6 4. Nc3
a6 5. e4 Qc7 6. Be3 e6 7. a3 b5 8. Be2 Bb7 9. Bf3 d6 10. O-O Nbd7 11. Re1 Rc8
12. Qe2 Ne5 13. Rad1 Nc4 14. Bc1 Be7 15. Nb1 Ne5 16. Nd2 O-O 17. Nf1 d5 18.
exd5 Nxf3+ 19. Qxf3 Nxd5 20. Qg4 Rfe8 21. Ng3 Nf6 22. Qe2 Bc5 23. c3 e5 24.
Ndf5 Qc6 25. Nh4 Nd5 26. Qg4 Ne7 27. Ne4 f5 28. Nxf5 Nxf5 29. Nxc5 Qxc5 30.
Qxf5 Qc6 31. f3 Rf8 32. Qd7 Rfe8 33. Qxc6 Bxc6 34. Rd6 Kf7 35. Be3 Re6 36. Red1
Rce8 37. R6d2 h6 38. Kf2 R8e7 39. Bc5 Rc7 40. Be3 Ree7 41. Rd6 Rcd7 42. Bc5
Rxd6 43. Rxd6 Re6 44. Rd8 Be8 45. Ke3 Rc6 46. Bd6 Rc4 47. Bxe5 g5 48. Rd6 Rc6
49. Rd4 Re6 50. f4 gxf4+ 51. Kxf4 Bc6 52. g4 Be8 53. h4 Rg6 54. g5 hxg5+ 55.
hxg5 Rc6 56. Kf5 Rc4 57. g6+ Ke7 58. Bf6+ Kf8 59. Rxc4 bxc4 60. g7+ Kg8 61. Ke5
Bd7 62. Kd5 Bb5 63. Kc5 Kf7 64. Bd4 Kg8 65. Kb4 1-0

[Event "Campeonato Brasileiro Amador 2019 U2200"]
[Site "Sao Paulo"]
[Date "2019.06.22"]
[Round "5.11"]
[White "Bortoloso, Moacir Canella"]
[Black "Almeida Silva, Emiliano Piskator"]
[Result "1-0"]
[WhiteElo "2143"]
[BlackElo "1707"]
[PlyCount "67"]
[EventDate "2019.06.20"]

{[%evp 0,67,26,18,84,76,61,82,95,52,47,27,74,56,105,37,75,39,62,54,152,75,90,
46,86,102,102,65,67,94,93,39,84,-33,122,112,202,197,348,250,250,242,357,391,
412,440,622,622,733,536,544,352,1364,1221,1364,654,767,685,1210,841,732,530,
1058,759,1058,1151,1149,1284,1778,1719]} 1. e4 d6 2. d4 Nf6 3. Nc3 g6 4. f4 Bg7
5. Nf3 O-O 6. e5 Nfd7 7. Qe2 e6 8. Bd2 d5 9. g4 a6 10. h4 c5 11. h5 Nc6 12.
dxc5 Nxc5 13. hxg6 fxg6 14. Qh2 h6 15. O-O-O Qc7 16. Nh4 g5 17. Ng6 Rxf4 18.
Nxf4 Nxe5 19. Nd3 Ncxd3+ 20. Bxd3 d4 21. Kb1 Qc6 22. Ne4 Nxg4 23. Qh5 e5 24.
Rdf1 Be6 25. Rhg1 Rf8 26. Rxf8+ Kxf8 27. Rxg4 Bxg4 28. Qxg4 Ke7 29. Bb4+ Kd8
30. a4 Qd5 31. Qf5 Kc7 32. Bd6+ Kd8 33. Qg6 Qg8 34. Bxe5 1-0

[Event "Campeonato Brasileiro Amador 2019 U2200"]
[Site "Sao Paulo"]
[Date "2019.06.22"]
[Round "5.12"]
[White "Lage, Pedro Ferreira"]
[Black "Soares, Renan Barbosa Montei"]
[Result "1/2-1/2"]
[WhiteElo "2049"]
[BlackElo "1991"]
[PlyCount "42"]
[EventDate "2019.06.20"]

{[%evp 0,42,16,18,18,-19,50,54,21,25,15,18,17,32,12,18,2,13,13,34,34,4,-7,-12,
-14,-2,0,-20,5,1,-8,-33,36,21,34,18,26,42,42,36,58,17,17,41,90]} 1. Nf3 Nf6 2.
c4 g6 3. Nc3 Bg7 4. g3 O-O 5. Bg2 c5 6. d4 cxd4 7. Nxd4 Nc6 8. c5 Nxd4 9. Qxd4
d6 10. cxd6 Ne8 11. Qb4 Nxd6 12. O-O a5 13. Qf4 Be6 14. Rd1 Qb6 15. Bd5 Bd7 16.
Qe3 Qxe3 17. Bxe3 Rac8 18. Bxb7 Rb8 19. Bf3 Be6 20. Nd5 Bxd5 21. Rxd5 Bxb2
1/2-1/2

[Event "Campeonato Brasileiro Amador 2019 U2200"]
[Site "Sao Paulo"]
[Date "2019.06.22"]
[Round "5.15"]
[White "Andrade, Guilherme A. De Souz"]
[Black "Abreu, Guilherme Correa"]
[Result "1-0"]
[WhiteElo "1862"]
[BlackElo "1997"]
[PlyCount "107"]
[EventDate "2019.06.20"]

{[%evp 0,99,27,16,28,31,49,56,40,52,34,28,38,40,30,22,1,16,61,25,92,25,43,43,
48,40,97,52,62,38,47,38,5,3,0,0,11,-37,21,-61,-40,-59,3,3,-6,-22,18,-24,-32,
-22,36,-4,37,44,61,45,65,59,59,59,84,84,96,86,173,179,204,206,210,78,157,100,
250,76,247,-15,93,93,239,194,194,221,221,221,290,314,343,357,355,340,340,296,
312,319,336,334,336,330,327,324,422,333]} 1. d4 Nf6 2. Bf4 g6 3. e3 Bg7 4. Nf3
O-O 5. Be2 d6 6. h3 Nbd7 7. O-O Nh5 8. Bh2 Qe8 9. Re1 e5 10. c4 f5 11. Nc3 c6
12. c5 e4 13. Nd2 dxc5 14. dxc5 Be5 15. Bxe5 Nxe5 16. Nc4 Nxc4 17. Bxc4+ Be6
18. Be2 Rd8 19. Qc2 Nf6 20. Red1 Qf7 21. Qa4 a6 22. Qb4 Qc7 23. b3 a5 24. Qa3
Nd7 25. Rd6 Bf7 26. Rad1 Ne5 27. Na4 Bd5 28. Rxd8 Rxd8 29. Nb6 a4 30. Qxa4 Qe7
31. Qd4 g5 32. Bc4 Nf7 33. Nxd5 cxd5 34. Bb5 f4 35. Be2 Ne5 36. exf4 gxf4 37.
f3 exf3 38. Bxf3 Qg5 39. Bxd5+ Kf8 40. Kh1 f3 41. Qf2 Qh5 42. Bxf3 Rxd1+ 43.
Bxd1+ Qf7 44. Qxf7+ Kxf7 45. Bf3 Nd3 46. Bxb7 Nxc5 47. Bd5+ Kf6 48. a4 Ke5 49.
Bc4 Kd4 50. g4 Ne4 51. Kg2 h6 52. a5 Kc5 53. h4 Nd6 54. Kf3 1-0

[Event "Campeonato Brasileiro Amador 2019 U2200"]
[Site "Sao Paulo"]
[Date "2019.06.22"]
[Round "5.16"]
[White "Van Riemsdijk, Dirk D."]
[Black "Souza Dos Santos, Matheus Garcett"]
[Result "1-0"]
[WhiteElo "1931"]
[BlackElo "1867"]
[PlyCount "55"]
[EventDate "2019.06.20"]

{[%evp 0,55,16,28,58,46,109,79,116,55,55,49,76,55,76,85,94,81,66,6,89,48,68,49,
71,55,101,68,74,24,24,87,68,68,66,88,93,77,105,98,74,85,97,85,92,82,94,70,213,
129,129,129,129,54,129,103,279,279]} 1. e4 c5 2. Nf3 d6 3. d4 cxd4 4. Nxd4 Nf6
5. Nc3 a6 6. Be2 e6 7. Be3 Nbd7 8. f4 b5 9. Bf3 e5 10. Nf5 Qc7 11. O-O exf4 12.
Bxf4 Ne5 13. Bg5 b4 14. Bxf6 bxc3 15. Nxg7+ Bxg7 16. Bxg7 cxb2 17. Bxh8 bxa1=Q
18. Qxa1 Qc5+ 19. Kh1 Be6 20. Bxe5 dxe5 21. Bh5 Rd8 22. Qe1 Qc4 23. Be2 Qxa2
24. Bd3 Bc4 25. Qg3 Bxd3 26. cxd3 Qe6 27. h3 Kd7 28. Qg7 1-0

[Event "Campeonato Brasileiro Amador 2019 U2200"]
[Site "Sao Paulo"]
[Date "2019.06.22"]
[Round "5.17"]
[White "Mobaier, Sergio"]
[Black "Baldussi Fernandes, Bruno Mendonca"]
[Result "0-1"]
[WhiteElo "1918"]
[BlackElo "1740"]
[PlyCount "102"]
[EventDate "2019.06.20"]

{[%evp 0,86,16,10,19,25,47,56,56,28,41,24,38,21,30,29,38,12,13,29,55,-13,62,63,
53,33,30,49,44,36,52,52,53,53,55,55,46,28,54,54,58,56,56,56,60,44,81,80,74,9,
17,19,-42,-28,-32,-49,-49,-60,-64,-99,-104,-118,-95,-212,-98,-98,-98,-229,13,
10,37,-2,0,12,32,8,26,36,74,43,55,24,144,150,164,163,267,291,277]} 1. d4 Nf6 2.
Bf4 g6 3. e3 Bg7 4. Be2 d6 5. Nf3 Nh5 6. Bg5 h6 7. Bh4 g5 8. Nfd2 Nf6 9. Bg3
Bf5 10. c4 Ne4 11. Nxe4 Bxe4 12. O-O Nd7 13. Nc3 Bg6 14. Bd3 Bxd3 15. Qxd3 e5
16. Rad1 O-O 17. Qf5 Re8 18. h3 Re6 19. d5 Rf6 20. Qc2 Qe7 21. f3 Rg6 22. b4
Rf8 23. Nb5 a6 24. Nc3 f5 25. e4 f4 26. Be1 h5 27. Qe2 g4 28. Kh2 Bf6 29. Rc1
Rf7 30. Rg1 Rfg7 31. Qf1 Bh4 32. Bxh4 Qxh4 33. Qe1 g3+ 34. Kh1 Nf8 35. Ne2 Nh7
36. Rf1 Nf6 37. Ng1 Qg5 38. c5 Rh6 39. cxd6 cxd6 40. Qe2 Ng4 41. fxg4 hxg4 42.
Rc2 Rgh7 43. Rc8+ Kg7 44. Rc7+ Kg6 45. Rxh7 Rxh7 46. Rc1 f3 47. Qc2 f2 48. Qc8
fxg1=Q+ 49. Kxg1 Qe3+ 50. Kh1 Rxh3+ 51. gxh3 Qf3+ 0-1

[Event "Campeonato Brasileiro Amador 2019 U2200"]
[Site "Sao Paulo"]
[Date "2019.06.22"]
[Round "5.18"]
[White "Ferreira, Jose Carlos"]
[Black "Pertuzatti, Daniel"]
[Result "1-0"]
[WhiteElo "1832"]
[BlackElo "1935"]
[PlyCount "71"]
[EventDate "2019.06.20"]

{[%evp 0,71,16,25,25,25,30,7,30,14,58,28,20,26,34,32,8,-13,-12,-3,-17,-12,-19,
-31,-11,-37,13,-20,5,1,4,47,49,-74,8,-24,-24,-25,6,-7,1,-72,-9,-1,65,65,73,82,
141,103,100,100,157,117,122,122,80,84,116,87,188,156,190,125,389,578,632,730,
542,683,712,779,847,1349]} 1. d4 d5 2. Nf3 Nf6 3. c4 c6 4. e3 Bg4 5. Nc3 e6 6.
h3 Bh5 7. cxd5 exd5 8. Be2 Bd6 9. O-O Nbd7 10. Bd2 O-O 11. Ne1 Bg6 12. a3 Ne8
13. Bh5 f5 14. Bxg6 hxg6 15. Nd3 Nef6 16. Nf4 Qe8 17. Qb3 g5 18. Nd3 Rb8 19. f3
Qh5 20. Nf2 Kh7 21. Qc2 g6 22. e4 fxe4 23. fxe4 Bg3 24. Nh1 Qh4 25. Nxg3 Qxg3
26. Rf3 Qh4 27. Be1 Qh6 28. Bg3 Rbe8 29. Bd6 Rg8 30. exd5 cxd5 31. Raf1 Ne4 32.
Nxe4 dxe4 33. Rf7+ Rg7 34. Qc7 g4 35. Qxd7 Reg8 36. Be5 1-0

[Event "Campeonato Brasileiro Amador 2019 U2200"]
[Site "Sao Paulo"]
[Date "2019.06.22"]
[Round "5.20"]
[White "Jesus Filho, Jose Carlos"]
[Black "Leite, Tarcisio Dantas Frot"]
[Result "1-0"]
[WhiteElo "1727"]
[BlackElo "1572"]
[PlyCount "39"]
[EventDate "2019.06.20"]

{[%evp 0,39,16,28,56,51,111,34,37,14,-8,-47,25,25,61,72,87,87,130,90,90,63,91,
91,139,108,113,130,138,165,116,56,124,160,216,216,446,254,366,348,1365,1865]} 
1. e4 c5 2. Nf3 d6 3. c3 Nf6 4. Bc4 Nxe4 5. Qa4+ Bd7 6. Bxf7+ Kxf7 7. Qxe4 e5
8. d4 Nc6 9. Ng5+ Ke8 10. Nxh7 Qe7 11. d5 Nb8 12. O-O Qf7 13. Ng5 Qh5 14. h3
Be7 15. f4 Bf6 16. Ne6 Na6 17. Nd2 Rc8 18. Nc4 Ke7 19. fxe5 Bxe5 20. Bg5+ 1-0

[Event "Campeonato Brasileiro Amador 2019 U2200"]
[Site "Sao Paulo"]
[Date "2019.06.22"]
[Round "6.1"]
[White "De Carvalho, Jose Jorge"]
[Black "Magalhaes, Jonathas Jose De"]
[Result "1-0"]
[WhiteElo "2152"]
[BlackElo "2094"]
[PlyCount "103"]
[EventDate "2019.06.20"]

{[%evp 0,95,28,25,27,-16,43,34,57,-4,3,3,25,19,42,27,53,15,82,18,50,21,-1,3,7,
3,13,10,29,27,-2,13,-6,-45,25,-32,-39,-52,-54,-70,-31,-48,-27,-35,-25,-26,-38,
-51,-66,-86,-92,-61,-52,-106,-70,-106,-27,-177,-137,-137,-152,-150,-121,-121,
-113,-158,-175,-214,-140,-202,-182,-216,-128,-128,-133,-188,-121,-96,-77,-97,
88,82,305,291,291,266,347,336,386,231,231,252,443,329,475,298,303,334]} 1. d4
Nf6 2. c4 g6 3. Nf3 Bg7 4. g3 O-O 5. Bg2 d6 6. Nc3 Nbd7 7. O-O e5 8. e4 c6 9.
d5 cxd5 10. cxd5 Nc5 11. Re1 a5 12. Bf1 b6 13. Nd2 Ne8 14. Nb3 f5 15. Nxc5 bxc5
16. exf5 gxf5 17. f4 e4 18. Be3 Nf6 19. h3 Kh8 20. Kh2 Rg8 21. Be2 Bf8 22. Rg1
Ra7 23. Qd2 Rag7 24. Rg2 Qe8 25. Rag1 Qf7 26. Qd1 Bb7 27. Bc4 Rg6 28. Rd2 Qg7
29. Qe1 Qh6 30. Be2 Ng4+ 31. Bxg4 Rxg4 32. Rdg2 R4g6 33. Rh1 Ba6 34. Rgg1 Be7
35. Nd1 Qh5 36. Bd2 Kg7 37. Ne3 Kf7 38. Rg2 Rh6 39. Kg1 Rhg6 40. g4 Qh6 41.
Nxf5 Qf8 42. Qxe4 Bc8 43. Re2 Bf6 44. Bc3 Bxc3 45. bxc3 Rf6 46. Ng3 Qd8 47. Kh2
Rh6 48. Nf5 Rf6 49. Ne7 Rg7 50. Nxc8 Qxc8 51. Qe7+ Kg6 52. f5+ 1-0

[Event "Campeonato Brasileiro Amador 2019 U2200"]
[Site "Sao Paulo"]
[Date "2019.06.22"]
[Round "6.2"]
[White "Tomiello, Mateus Costamilan"]
[Black "Tomiello, Lucas Costamilan"]
[Result "1/2-1/2"]
[WhiteElo "2062"]
[BlackElo "2088"]
[PlyCount "46"]
[EventDate "2019.06.20"]

{[%evp 0,46,28,14,100,66,108,46,46,40,68,22,18,5,17,4,24,19,42,58,39,41,14,11,
11,11,10,33,43,37,38,43,46,45,59,65,74,46,94,72,93,70,73,54,90,71,76,53,71]} 1.
e4 c5 2. Nf3 d6 3. Bb5+ Bd7 4. Bxd7+ Qxd7 5. c4 Nc6 6. d4 cxd4 7. Nxd4 Nf6 8.
Nc3 Nxd4 9. Qxd4 g6 10. Be3 Bg7 11. f3 O-O 12. Qd3 Rfc8 13. Rc1 Qc6 14. b3 Nd7
15. O-O Nc5 16. Qd2 a5 17. Nd5 Re8 18. Bg5 Kf8 19. Rfd1 b6 20. Bh6 Kg8 21. Bg5
Kf8 22. Bh6 Kg8 23. Bg5 Kf8 1/2-1/2

[Event "Campeonato Brasileiro Amador 2019 U2200"]
[Site "Sao Paulo"]
[Date "2019.06.22"]
[Round "6.3"]
[White "Almeida Junior, Alvaro Alves De"]
[Black "Carvalho, Felipe Lobo C."]
[Result "1/2-1/2"]
[WhiteElo "2059"]
[BlackElo "2105"]
[PlyCount "135"]
[EventDate "2019.06.20"]

{[%evp 0,45,16,28,75,42,47,32,78,42,52,32,27,21,24,19,31,39,53,34,37,16,23,15,
30,9,6,18,10,1,6,5,4,-7,28,11,15,18,19,31,41,-4,6,-8,-12,-12,-2,-12]} 1. e4 c5
2. Nf3 e6 3. d3 d6 4. g3 Nf6 5. Bg2 Be7 6. O-O O-O 7. Nbd2 Nbd7 8. Re1 Qc7 9.
a4 b6 10. e5 dxe5 11. Nxe5 Bb7 12. Ndc4 Bxg2 13. Kxg2 Nxe5 14. Nxe5 Qb7+ 15.
Kg1 Rad8 16. Qe2 a6 17. Bd2 Nd7 18. Bc3 Nxe5 19. Bxe5 Rfe8 20. h4 Bd6 21. Qg4
Bxe5 22. Rxe5 Rd4 23. Qe2 Qc6 24. b3 Red8 25. Qh5 a5 26. Rae1 R4d5 27. Qf3 Qa8
28. R5e4 Rd4 29. Qf4 Rxe4 30. Rxe4 Qc6 31. h5 h6 32. g4 Qd6 33. Qxd6 Rxd6 34.
Kf1 f6 35. Ke2 Kf7 36. Ke3 g6 37. hxg6+ Kxg6 38. d4 cxd4+ 39. Rxd4 Rxd4 40.
Kxd4 Kg5 41. c4 Kxg4 42. b4 h5 43. bxa5 bxa5 44. c5 h4 45. c6 h3 46. c7 h2 47.
c8=Q h1=Q 48. Qxe6+ Kg5 49. f4+ Kxf4 50. Qxf6+ Kg4 51. Qe6+ Kf4 52. Qe5+ Kg4
53. Qxa5 Qa1+ 54. Kc4 Qf1+ 55. Kc5 Qf8+ 56. Kc6 Qe8+ 57. Kb7 Qd7+ 58. Kb6 Qd8+
59. Kb5 Qd7+ 60. Kb6 Qd6+ 61. Kb5 Qd5+ 62. Ka6 Qc6+ 63. Ka7 Qd7+ 64. Kb8 Qe8+
65. Kc7 Qe7+ 66. Kc6 Qe6+ 67. Kc5 Qe3+ 68. Kb4 1/2-1/2

[Event "Campeonato Brasileiro Amador 2019 U2200"]
[Site "Sao Paulo"]
[Date "2019.06.22"]
[Round "6.4"]
[White "Borges, Wagner Da Silva"]
[Black "Labussiere, Victor"]
[Result "0-1"]
[WhiteElo "2134"]
[BlackElo "2096"]
[PlyCount "126"]
[EventDate "2019.06.20"]

1. c4 e5 2. g3 Nc6 3. Bg2 g6 4. Nc3 Bg7 5. d3 d6 6. Nf3 Nf6 7. h3 O-O 8. Be3 h6
9. Qd2 Kh7 10. g4 Nd7 11. g5 h5 12. Ne4 Ne7 13. Qc2 Nf5 14. Bd2 Re8 15. e3 c6
16. Ng3 Nc5 17. e4 Ne7 18. Be3 Ne6 19. Ne2 d5 20. O-O d4 21. Bd2 c5 22. Nh4 Nc6
23. Nf3 Bd7 24. a3 a5 25. b3 Qe7 26. Kh2 Rab8 27. Rg1 b5 28. Rab1 Rb7 29. Bf1
Reb8 30. Nh4 bxc4 31. dxc4 a4 32. Nc1 Nf4 33. Rg3 d3 34. Qd1 axb3 35. Rxb3 Rxb3
36. Nxb3 Nd4 37. Nxd4 cxd4 38. Bb4 Qe6 39. Bxd3 Nxh3 40. Qc2 Nxg5 41. Nf5 f6
42. Nh4 Bf8 43. c5 Qc6 44. f3 Rc8 45. Rg1 Bxc5 46. Rc1 Bxb4 47. Qxc6 Rxc6 48.
Rxc6 Bxc6 49. axb4 Nf7 50. b5 Bb7 51. Ng2 Nd6 52. Ne1 f5 53. b6 Kg7 54. f4 fxe4
55. fxe5 exd3 56. Nxd3 Nc4 57. Nc5 Nxb6 58. Ne6+ Kg8 59. Nxd4 Nc4 60. e6 Kg7
61. Kg3 Kf6 62. Kf4 g5+ 63. Kg3 Bd5 0-1

[Event "Campeonato Brasileiro Amador 2019 U2200"]
[Site "Sao Paulo"]
[Date "2019.06.22"]
[Round "6.5"]
[White "Federzoni, Enzo"]
[Black "Mariani, Daniel Brandao"]
[Result "1/2-1/2"]
[WhiteElo "2091"]
[BlackElo "2037"]
[PlyCount "96"]
[EventDate "2019.06.20"]

1. g3 d5 2. Nf3 Nf6 3. Bg2 c5 4. O-O Nc6 5. d4 e6 6. c4 Be7 7. cxd5 exd5 8. h3
O-O 9. Nc3 Re8 10. Bf4 Be6 11. dxc5 Bxc5 12. Rc1 a6 13. Ne5 Ba7 14. Nxc6 bxc6
15. Bg5 h6 16. Bxf6 Qxf6 17. Na4 h5 18. Rxc6 Qe5 19. Rc3 d4 20. Rd3 Rac8 21. b3
Bf5 22. Re1 h4 23. g4 Bxd3 24. Qxd3 Qb5 25. Nb2 Qxd3 26. Nxd3 Rc2 27. Kf1 Rxa2
28. Bd5 Rc2 29. Bc4 a5 30. Ra1 Bb6 31. Ne1 Rc3 32. Nd3 g5 33. Ke1 Rc2 34. Nc1
Bc7 35. Kd1 Rc3 36. Nd3 Ra8 37. Ra4 Bd6 38. Kd2 Kg7 39. e3 Rxd3+ 40. Bxd3 Bb4+
41. Ke2 dxe3 42. fxe3 Rc8 43. Bc4 Rd8 44. Bd3 Kf6 45. Ra1 Ke5 46. Rf1 f6 47.
Rf5+ Ke6 48. Bc4+ Ke7 1/2-1/2

[Event "Campeonato Brasileiro Amador 2019 U2200"]
[Site "Sao Paulo"]
[Date "2019.06.22"]
[Round "6.6"]
[White "Labussiere, Yago"]
[Black "Costa, Henrique De Jesus"]
[Result "1-0"]
[WhiteElo "2110"]
[BlackElo "1800"]
[PlyCount "97"]
[EventDate "2019.06.20"]

{[%evp 0,79,16,-24,39,-4,78,50,78,50,50,16,21,14,39,42,40,17,28,20,22,-15,31,
21,32,23,37,-28,1,-21,4,-21,-3,-40,-33,-21,-17,-17,-17,-23,16,-22,4,-16,-3,-43,
24,-14,-14,-22,-15,-15,-15,2,238,271,299,299,307,304,304,304,567,273,281,302,
307,240,221,196,279,173,201,226,233,251,252,228,258,244,241,304]} 1. c4 f5 2.
g3 g6 3. Bg2 Nf6 4. Nc3 Bg7 5. e3 d6 6. Nge2 c6 7. O-O O-O 8. d3 e5 9. Rb1 a5
10. a3 Kh8 11. b4 axb4 12. axb4 d5 13. Qc2 Be6 14. cxd5 cxd5 15. Na4 Qe7 16.
Nc5 Rc8 17. Qd2 Bf7 18. Bb2 Nc6 19. Ra1 b6 20. Na6 Na7 21. Nc3 e4 22. Rfb1 Ne8
23. Na4 Qb7 24. Bxg7+ Nxg7 25. Nc3 Qc6 26. Ra3 Nb5 27. Nxb5 Qxb5 28. Nc7 Rxc7
29. Rxa8+ Ne8 30. dxe4 dxe4 31. Bf1 Qc6 32. Qd4+ Kg8 33. Ra6 Rb7 34. Qe5 Qd6
35. Qb2 Nc7 36. Raa1 b5 37. Rd1 Qe7 38. Ra5 h5 39. Rda1 Qd6 40. Ra7 Rb6 41. Qc3
Ne6 42. Ra8+ Nf8 43. Rc8 Bd5 44. Rd1 Qe6 45. Qc5 Rd6 46. Bxb5 Kg7 47. Re8 Qf6
48. Rxd5 Qa1+ 49. Bf1 1-0

[Event "Campeonato Brasileiro Amador 2019 U2200"]
[Site "Sao Paulo"]
[Date "2019.06.22"]
[Round "6.7"]
[White "Marcolino, Antonio Claudio H."]
[Black "Bortoloso, Moacir Canella"]
[Result "0-1"]
[WhiteElo "2103"]
[BlackElo "2143"]
[PlyCount "82"]
[EventDate "2019.06.20"]

1. d4 Nf6 2. Nf3 e6 3. e3 b6 4. Bd3 Bb7 5. Nbd2 d5 6. O-O Be7 7. Qe2 Nbd7 8. e4
dxe4 9. Nxe4 h6 10. Rd1 O-O 11. c3 Nxe4 12. Bxe4 Bxe4 13. Qxe4 Nf6 14. Qe2 Qc8
15. Ne5 c5 16. Bf4 cxd4 17. cxd4 Nd5 18. Bd2 Bf6 19. Ng4 Qc2 20. Qf3 Qg6 21.
Rac1 Rac8 22. Ne3 Bxd4 23. Nxd5 exd5 24. Qxd5 Bxb2 25. Rxc8 Rxc8 26. Qd7 Qc2
27. Be3 Bf6 28. h3 Rd8 29. Qxd8+ Bxd8 30. Rxd8+ Kh7 31. Rd7 Qb1+ 32. Kh2 Qxa2
33. Rb7 Kg6 34. Rb8 Qd5 35. g3 Qc6 36. h4 Qc7 37. Bf4 Qd7 38. Be3 f6 39. Kg2
Kf5 40. Kh2 Kg4 41. Rg8 Kf3 0-1

[Event "Campeonato Brasileiro Amador 2019 U2200"]
[Site "Sao Paulo"]
[Date "2019.06.22"]
[Round "6.8"]
[White "Damaceno, Mateus Lima"]
[Black "Ganhoto, Marco Alves"]
[Result "1/2-1/2"]
[WhiteElo "2136"]
[BlackElo "2081"]
[PlyCount "107"]
[EventDate "2019.06.20"]

1. e4 c5 2. Nf3 Nc6 3. d3 d6 4. g3 g6 5. Bg2 Bg7 6. O-O Nf6 7. Nbd2 O-O 8. Re1
Bd7 9. c3 Qc8 10. e5 Ne8 11. Nc4 Bg4 12. Bf4 dxe5 13. Ncxe5 Nxe5 14. Bxe5 f6
15. Bf4 e5 16. Be3 Nd6 17. Qa4 Be6 18. Rac1 Nf5 19. Bd2 Qd7 20. Qxd7 Bxd7 21.
d4 cxd4 22. cxd4 exd4 23. Rc7 Bc6 24. g4 Nh6 25. Nxd4 Bxg2 26. Kxg2 Rf7 27.
Ree7 Rxe7 28. Rxe7 Nxg4 29. Ne6 Bf8 30. Rxb7 Bd6 31. h3 Ne5 32. Nc7 Bxc7 33.
Rxc7 Nf7 34. Bc3 f5 35. b4 a6 36. a4 h6 37. Kf3 g5 38. Ke3 h5 39. Kf3 Rd8 40.
Kg2 f4 41. Rc6 Re8 42. h4 gxh4 43. Kh3 Ng5+ 44. Kxh4 Ne4 45. Bd4 Rd8 46. Bb6
Rd2 47. Kxh5 Nxf2 48. Kg6 Kf8 49. Rf6+ Ke8 50. Rxf4 Rd6+ 51. Rf6 Rxf6+ 52. Kxf6
Nd3 53. Bc5 Nxc5 54. bxc5 1/2-1/2

[Event "Campeonato Brasileiro Amador 2019 U2200"]
[Site "Sao Paulo"]
[Date "2019.06.22"]
[Round "6.9"]
[White "Guerreiro, Alexandre Vieira"]
[Black "Januario, Severino Pereira"]
[Result "1-0"]
[WhiteElo "2013"]
[BlackElo "2135"]
[PlyCount "94"]
[EventDate "2019.06.20"]

1. d4 Nf6 2. c4 g6 3. g3 Bg7 4. Bg2 O-O 5. Nc3 c5 6. d5 d6 7. Nf3 Bg4 8. O-O
Qd7 9. Re1 Na6 10. Ng5 Qc8 11. h3 Bd7 12. Kh2 h6 13. Nf3 Nc7 14. a4 Na6 15. e4
Nb4 16. g4 h5 17. g5 Ne8 18. Nh4 e5 19. dxe6 Bxe6 20. Nd5 Qd7 21. f4 Kh7 22. f5
Bxd5 23. exd5 Be5+ 24. Rxe5 dxe5 25. Be4 Nd6 26. fxg6+ Kg7 27. Qe2 Rae8 28. b3
Qe7 29. Bd2 f5 30. Bb1 a5 31. Qf3 Qd7 32. Bc3 b6 33. Qf4 Qe7 34. Nf3 Kxg6 35.
Nxe5+ Kh7 36. g6+ Kg8 37. Qh6 Rf6 38. Kg1 h4 39. Nf7 Qe3+ 40. Qxe3 Rxe3 41.
Bxf6 Rg3+ 42. Kf1 Ne4 43. Bxe4 fxe4 44. Bxh4 Rxh3 45. Be1 Na6 46. Bf2 Nb8 47.
Rd1 Kg7 {Ilegivel} 1-0

[Event "Campeonato Brasileiro Amador 2019 U2200"]
[Site "Sao Paulo"]
[Date "2019.06.22"]
[Round "6.10"]
[White "Pomar, Marcelo Nascimento"]
[Black "Lage, Pedro Ferreira"]
[Result "0-1"]
[WhiteElo "2019"]
[BlackElo "2049"]
[PlyCount "92"]
[EventDate "2019.06.20"]

{[%evp 0,92,16,25,73,52,49,32,59,33,60,19,30,7,16,17,-2,1,-1,5,7,-8,29,4,86,24,
-2,-8,169,169,40,31,29,18,18,11,23,-63,-44,-39,-39,-36,-41,-55,-22,-31,-34,-71,
-62,-63,-56,-58,-56,-78,-64,-77,-21,-66,0,10,0,-20,2,-2,-25,-27,-35,-56,-69,
-66,-66,-80,-72,-119,-123,-164,-179,-179,-185,-191,-206,-213,-203,-221,-239,
-258,-288,-308,-339,-549,-409,-642,-637,-1068,-1228]} 1. e4 e6 2. d4 d5 3. Nc3
Bb4 4. e5 c5 5. Bd2 Ne7 6. Nb5 Bxd2+ 7. Qxd2 O-O 8. dxc5 Nd7 9. Qc3 Nc6 10. Nf3
a6 11. Nd6 b6 12. Nxc8 Qxc8 13. cxb6 Ncxe5 14. Nxe5 Qxc3+ 15. bxc3 Nxe5 16. a4
a5 17. Rb1 Rfb8 18. b7 Ra7 19. Kd2 Raxb7 20. Rxb7 Rxb7 21. Bb5 Kf8 22. f4 Ng4
23. h3 Nf2 24. Re1 Ne4+ 25. Kd3 Nd6 26. Rb1 Ke7 27. g4 Ne4 28. Kd4 Kd6 29. c4
Nc5 30. Rd1 f6 31. cxd5 exd5 32. c4 Ne6+ 33. Ke3 d4+ 34. Kf3 Re7 35. h4 Kc5 36.
f5 Nd8 37. g5 Nf7 38. gxf6 gxf6 39. Kg4 Re4+ 40. Kg3 Nd6 41. Bd7 Nxc4 42. Rb1
d3 43. Be6 d2 44. Rb5+ Kd4 45. Rd5+ Kc3 46. Rd7 Rd4 0-1